|
|
|
|
| LEADER |
03427nam a2200817 i 4500 |
| 001 |
nkc20213305548 |
| 003 |
CZ PrNK |
| 005 |
20220527094359.0 |
| 007 |
ta |
| 008 |
210203s2020 xr acehe f 000 0dcze |
| 015 |
|
|
|a cnb003305548
|
| 020 |
|
|
|a 978-80-86944-73-9
|q (vázáno)
|
| 035 |
|
|
|a (OCoLC)1329407808
|
| 040 |
|
|
|a BOA001
|b cze
|e rda
|
| 043 |
|
|
|a e-xr---
|b e-xr-pl
|2 czenas
|
| 045 |
|
|
|a v-y2
|
| 072 |
|
7 |
|a 027
|x Univerzální knihovny. Veřejné knihovny. Soukromé knihovny
|2 Konspekt
|9 12
|
| 080 |
|
|
|a 027.53(1-35)
|2 MRF
|
| 080 |
|
|
|a 027.021
|2 MRF
|
| 080 |
|
|
|a 727.8
|2 MRF
|
| 080 |
|
|
|a 025
|2 MRF
|
| 080 |
|
|
|a 024.5/.6
|2 MRF
|
| 080 |
|
|
|a 026/027(091)
|2 MRF
|
| 080 |
|
|
|a (437.317)
|2 MRF
|
| 080 |
|
|
|a (036)
|2 MRF
|
| 080 |
|
|
|a (084.11)
|2 MRF
|
| 080 |
|
|
|a (082.2)
|2 MRF
|
| 100 |
1 |
|
|a Domanický, Petr,
|d 1973-
|7 jo2002102404
|4 aut
|
| 245 |
1 |
0 |
|a Kniha o Studijní a vědecké knihovně Plzeňského kraje /
|c autoři textů Petr Domanický, Marie Hálová, Ilona Mauritzová, Daniel Bechný
|
| 264 |
|
1 |
|a [Plzeň] :
|b Studijní a vědecká knihovna Plzeňského kraje,
|c 2020
|
| 300 |
|
|
|a 91 stran (některé složené), 1 složený nečíslovaný list příloh :
|b ilustrace (některé barevné), portréty, plány, faksimile ;
|c 30 cm
|
| 336 |
|
|
|a text
|b txt
|2 rdacontent
|
| 336 |
|
|
|a statický obraz
|b sti
|2 rdacontent
|
| 337 |
|
|
|a bez média
|b n
|2 rdamedia
|
| 338 |
|
|
|a svazek
|b nc
|2 rdacarrier
|
| 500 |
|
|
|a Chronologický přehled
|
| 500 |
|
|
|a 1000 výtisků
|
| 504 |
|
|
|a Obsahuje bibliografické odkazy
|
| 610 |
2 |
7 |
|a Studijní a vědecká knihovna Plzeňského kraje (Plzeň, Česko)
|7 ko20010092613
|2 czenas
|
| 648 |
|
7 |
|a 18.-21. století
|7 ch757020
|2 czenas
|
| 648 |
|
7 |
|a 20.-21. století
|7 ch462155
|2 czenas
|
| 648 |
|
4 |
|a 1950-2020
|
| 650 |
0 |
7 |
|a krajské knihovny
|7 ph216771
|z Česko
|y 20.-21. století
|2 czenas
|
| 650 |
0 |
7 |
|a vědecké knihovny
|7 ph127369
|z Česko
|y 20.-21. století
|2 czenas
|
| 650 |
0 |
7 |
|a knihovní budovy
|7 ph121667
|z Česko
|y 18.-21. století
|2 czenas
|
| 650 |
0 |
7 |
|a knihovní fondy
|7 ph121668
|z Česko
|2 czenas
|
| 650 |
0 |
7 |
|a knihovní služby
|7 ph121660
|z Česko
|2 czenas
|
| 650 |
0 |
7 |
|a dějiny knihoven
|7 ph161710
|z Česko
|2 czenas
|
| 650 |
0 |
9 |
|a regional libraries
|z Czechia
|y 20th-21st centuries
|2 eczenas
|
| 650 |
0 |
9 |
|a research libraries
|z Czechia
|y 20th-21st centuries
|2 eczenas
|
| 650 |
0 |
9 |
|a library buildings
|z Czechia
|y 18th-21st centuries
|2 eczenas
|
| 650 |
0 |
9 |
|a library collections
|z Czechia
|2 eczenas
|
| 650 |
0 |
9 |
|a library services
|z Czechia
|2 eczenas
|
| 650 |
0 |
9 |
|a history of libraries
|z Czechia
|2 eczenas
|
| 651 |
|
7 |
|a Plzeň (Česko)
|7 ge130439
|2 czenas
|
| 651 |
|
9 |
|a Plzeň (Czechia)
|2 eczenas
|
| 655 |
|
7 |
|a informační publikace
|7 fd132454
|2 czenas
|
| 655 |
|
7 |
|a obrazové publikace
|7 fd132947
|2 czenas
|
| 655 |
|
7 |
|a jubilejní publikace
|7 fd131839
|2 czenas
|
| 655 |
|
9 |
|a information publications
|2 eczenas
|
| 655 |
|
9 |
|a pictorial works
|2 eczenas
|
| 655 |
|
9 |
|a jubilee books
|2 eczenas
|
| 700 |
1 |
|
|a Hálová, Marie,
|d 1952-
|7 jn20000401146
|4 aut
|
| 700 |
1 |
|
|a Mauritzová, Ilona,
|d 1959-
|7 xx0097423
|4 aut
|
| 700 |
1 |
|
|a Bechný, Daniel,
|d 1976-
|7 xx0072326
|4 aut
|
| 710 |
2 |
|
|a Studijní a vědecká knihovna Plzeňského kraje (Plzeň, Česko)
|7 ko20010092613
|4 isb
|
| 910 |
2 |
|
|a BOA001
|b 4-1484.572
|
| 990 |
|
|
|a BK
|
| 995 |
|
|
|a 01
|
| 991 |
|
|
|b 202205
|c NOV
|
| 996 |
6 |
|
|b 2610900333
|c 4-1484.572
|l MZK
|r Sklad / do 1 hodiny
|n 0
|p p.v.
|w 001884134
|u 000010
|a 1
|e BOA001
|j MZK50
|s P
|